ბათუმის შოთა რუსთაველის სახელმწიფო უნივერსიტეტის ბიბლიოთეკა

Комплексные пространства. Сборник переводов (ბიბ.ჩანაწერი № 39110)

000 -LEADER
fixed length control field 00613nam a2200193Ia 4500
001 - CONTROL NUMBER
control field 5687
003 - CONTROL NUMBER IDENTIFIER
control field GE_BSU
008 - FIXED-LENGTH DATA ELEMENTS--GENERAL INFORMATION
fixed length control field 181216s||||||||xx |||||||||||||| ||und||
040 ## - CATALOGING SOURCE
Transcribing agency GE_BSU
080 ## - UNIVERSAL DECIMAL CLASSIFICATION NUMBER
Universal Decimal Classification number 517.55
245 ## - TITLE STATEMENT
Title Комплексные пространства. Сборник переводов
245 ## - TITLE STATEMENT
Statement of responsibility, etc. Под ред. А.Б. Жижченко и А.Л. Оницика с предисл. И.Р. Шафаревича
260 ## - PUBLICATION, DISTRIBUTION, ETC.
Place of publication, distribution, etc. москва
260 ## - PUBLICATION, DISTRIBUTION, ETC.
Name of publisher, distributor, etc. М Мир
260 ## - PUBLICATION, DISTRIBUTION, ETC.
Date of publication, distribution, etc. 1965
300 ## - PHYSICAL DESCRIPTION
Extent 320 с.20 см.
653 ## - INDEX TERM--UNCONTROLLED
Uncontrolled term Комплексные пространства.
942 ## - ADDED ENTRY ELEMENTS (KOHA)
Koha item type წიგნი
ეგზემპლარები
Withdrawn status Lost status Damaged status Not for loan Date acquired Barcode Date last seen Price effective from Koha item type
        2018-12-17 16419 2018-12-17 2018-12-17 წიგნი